Ethical studies
Gardado en:
| Autor Principal: | |
|---|---|
| Formato: | Libro |
| Idioma: | inglés |
| Publicado: |
Londres
Oxford University
1927
|
| Edición: | 2a. ed |
| Subjects: | |
| Tags: |
Engadir etiqueta
Sen Etiquetas, Sexa o primeiro en etiquetar este rexistro!
|
MARC
| LEADER | 00000nam a2200000 a 4500 | ||
|---|---|---|---|
| 001 | UCZ4773 | ||
| 003 | CL-VaPUC | ||
| 008 | 951110e19270000UK |||||||||||||||||eng|d | ||
| 082 | 0 | 4 | |a 170 |b BRA |2 21 |
| 100 | 0 | |a Bradley, F. H |e author |9 348768 | |
| 245 | 1 | 0 | |a Ethical studies |
| 250 | |a 2a. ed | ||
| 300 | |a 344 p | ||
| 942 | |c BK | ||
| 945 | |d 19951110 00:00:00 |a lriquelm | ||
| 260 | |a Londres |b Oxford University |c 1927 | ||
| 650 | 0 | |a Ética |9 255099 | |
| 650 | 0 | |a Conceptos morales |9 310606 | |
| 650 | 0 | |a Responsabilidad moral |9 311092 | |
| 650 | 0 | |a Libre albedrío |9 334583 | |
| 650 | 7 | |a ORDEN MORAL |2 CL-VaPUC |9 334570 | |
| 650 | 0 | |a Comportamiento moral |9 334569 | |
| 583 | |a last modification |c 19951110 00:00:00 |k Rodrigo Vera | ||
| 999 | |c 241138 |d 241136 | ||
| 952 | |0 0 |1 0 |4 0 |6 170_000000000000000_BRA_1927 |7 0 |8 P |9 253305 |a BIBEDU |b BIBEDU |c BIBEDU_PB |d 2019-11-19 |i 1599437 |o 170 BRA 1927 |p 1599437 |r 2024-01-25 |w 2019-11-19 |y BK |k FIL | ||